Biggest City In Every Country On A Map - Statistics

General Stats
  • This quiz has been taken 95 times
  • The average score is 131 of 197
Answers on the Map
Answers color-coded by a green-red scale on the quiz's map according to % correct below.
 
Answer Stats
Country City % Correct
Mexico Mexico City
91%
United States of America New York City
91%
Cuba Havana
90%
France Paris
89%
Ireland Dublin
88%
Portugal Lisbon
88%
Canada Toronto
88%
United Kingdom London
86%
Spain Madrid
86%
Italy Rome
86%
Argentina Buenos Aires
85%
Russia Moscow
85%
Panama Panama City
84%
Brazil Sao Paulo
84%
Australia Sydney
84%
Poland Warsaw
84%
Algeria Algiers
83%
Germany Berlin
83%
Colombia Bogota
83%
Egypt Cairo
83%
Venezuela Caracas
83%
India Delhi
83%
Israel Jerusalem
83%
Peru Lima
83%
Iceland Reykjavik
83%
Japan Tokyo
83%
Austria Vienna
83%
Greece Athens
81%
Finland Helsinki
81%
Turkiye Istanbul
81%
Indonesia Jakarta
81%
Ukraine Kyiv
81%
Norway Oslo
81%
Chile Santiago
81%
South Korea Seoul
81%
Sweden Stockholm
81%
Iran Tehran
81%
Netherlands Amsterdam
80%
Iraq Baghdad
80%
Denmark Copenhagen
80%
South Africa Johannesburg
80%
Philippines Manila
80%
Haiti Port-au-Prince
80%
Tunisia Tunis
80%
Thailand Bangkok
79%
Hungary Budapest
79%
Afghanistan Kabul
79%
Belarus Minsk
79%
North Korea Pyongyang
79%
Bulgeria Sofia
79%
Romania Bucharest
78%
Syria Damascus
78%
United Arab Emirates Dubai
78%
Guatemala Guatemala City
78%
Czech Republic Prague
78%
Latvia Riga
78%
Liechtenstein Schaan
78%
Jamaica Kingston
77%
Saint Vincent and the Grenadines Kingstown
77%
Democratic Republic of the Congo Kinshasa
77%
Kuwait Kuwait City
77%
The Bahamas Nassau
77%
Taiwan Taipei
77%
Estonia Tallinn
77%
Albania Tirana
77%
Serbia Belgrade
75%
Slovakia Bratislava
75%
Uruguay Montevideo
75%
Kenya Nairobi
75%
Libya Tripoli
75%
Lithuania Vilnius
75%
Croatia Zagreb
75%
Switzerland Zurich
75%
Paraguay Asuncion
74%
Lebanon Beirut
74%
Bangladesh Dhaka
74%
Saudi Arabia Riyadh
74%
Bosnia and Herzegovina Sarajevo
74%
Guyana Georgetown
73%
Vietnam Ho Chi Minh City
73%
Nigeria Lagos
73%
Luxembourg Luxembourg
73%
China Shanghai
73%
Mongolia Ulaanbaatar
73%
Vatican City Vatican City
73%
Ethiopia Addis Ababa
72%
Andorra Andorra la Vella
72%
Azerbaijan Baku
72%
Morocco Casablanca
72%
Pakistan Karachi
72%
Costa Rica San Jose
72%
Dominican Republic Santo Domingo
72%
New Zealand Auckland
70%
Malaysia Kuala Lumpur
70%
Angola Luanda
70%
Somalia Mogadishu
70%
El Salvador San Salvador
70%
North Macedonia Skopje
70%
Jordan Amman
69%
Senegal Dakar
69%
Djibouti Djibouti
69%
Sudan Khartoum
69%
San Marino San Marino
69%
Papua New Guinea Port Moresby
68%
Kosovo Pristina
68%
Ghana Accra
67%
Qatar Doha
67%
Nepal Kathmandu
67%
Slovenia Ljubljana
67%
Nicaragua Managua
67%
Monaco Monaco
67%
Oman Muscat
67%
Suriname Paramaribo
67%
Cambodia Phnom Penh
67%
Belize Belmopan
65%
Republic of the Congo Brazzaville
65%
Moldova Chisinau
65%
Liberia Monrovia
65%
Cyprus Nicosia
65%
South Sudan Juba
64%
Montenegro Podgorica
64%
Yemen Sana'a
64%
Singapore Singapore
64%
Uzbekistan Tashkent
64%
Honduras Tegucigalpa
64%
Armenia Yerevan
64%
Belgium Antwerp
63%
Turkmenistan Ashgabat
63%
Tanzania Dar es Salaam
63%
Sierra Leone Freetown
63%
Georgia Tbilisi
63%
Bhutan Thimphu
63%
Mali Bamako
62%
Kyrgyzstan Bishkek
62%
Guinea-Bissau Bissau
62%
Barbados Bridgetown
62%
Uganda Kampala
62%
Maldives Male
62%
Chad N'Djamena
62%
Sao Tome and Principe Sao Tome
62%
Namibia Windhoek
62%
Sri Lanka Colombo
60%
Zimbabwe Harare
60%
Rwanda Kigali
60%
Eritrea Asmara
59%
Botswana Gaborone
59%
Gabon Libreville
59%
Niger Niamey
59%
Antigua and Barbuda Saint John's
59%
Madagascar Antananarivo
58%
Central African Republic Bangui
58%
Togo Lome
58%
Zambia Lusaka
58%
Bahrain Manama
58%
Fiji Suva
58%
Myanmar Yangon
58%
Guinea Conakry
57%
Burkina Faso Ouagadougou
57%
Laos Vientiane
56%
East Timor Dili
54%
Malawi Lilongwe
54%
Grenada Saint George's
54%
Seychelles Victoria
54%
Kazakhstan Almaty
53%
Tajikistan Dushanbe
53%
Dominica Roseau
53%
Ivory Coast Abidjan
52%
The Gambia Banjul
52%
Saint Lucia Castries
52%
Lesotho Maseru
52%
Mauritius Port Louis
52%
Saint Kitts and Nevis Basseterre
51%
Solomon Islands Honiara
49%
Mauritania Nouakchott
49%
Samoa Apia
48%
Comoros Moroni
48%
Vanuatu Port Vila
48%
Ecuador Guayaquil
47%
Kiribati South Tarawa
46%
Tuvalu Funafuti
44%
Tonga Nuku'alofa
44%
Cape Verde Praia
44%
Bolivia Santa Cruz
43%
Brunei Bandar Seri Begawan
42%
Benin Cotonou
41%
Marshall Islands Majuro
41%
Cameroon Douala
40%
Burundi Bujumbura
38%
Palestine Gaza
38%
Equatorial Guinea Bata
12%
Trinidad and Tobago Chaguanas
12%
Palau Koror
11%
Eswatini Manzini
11%
Micronesia Weno
11%
Malta Birkirkara
10%
Mozambique Matola
7%
Nauru Arijejen
5%
No matching quizzes found
Score Distribution
Percent of People with Each Score
Percentile by Number Answered
Your Score History
You have not taken this quiz